| 000 | 01413nam0a22003371 4500 | ||
|---|---|---|---|
| 001 | v19\rc\1609722 | ||
| 005 | 20061002115001.6 | ||
| 035 | _a(NLR Aleph) 004730295 | ||
| 090 |
_a4440288 _c4440288 |
||
| 100 | _a20061002d1910 |||y0rusy50 ca | ||
| 101 | 0 | _arus | |
| 102 | _aRU | ||
| 105 | _aa z ||||| | ||
| 200 | 1 |
_aСоветы матерям об уходе за грудными детьми, примененные к крестьянской жизни _eСост. по книжке д-ра Н.Ф. Михайлова _fРис. Е.М. Бем |
|
| 205 | _a9-е изд. | ||
| 210 |
_aМосква _cПосредник _d1910 |
||
| 215 |
_a48 с. _cил. на обл. _d13 |
||
| 300 | _aНа обл. авт. не указан | ||
| 300 | _aНа тит. л. номер изд.: № 129 | ||
| 300 | _aЗагл. обл.: Советы матерям об уходе за малыми детьми | ||
| 512 | 0 | _aСоветы матерям об уходе за малыми детьми | |
| 700 | 1 |
_aМихайлов _bН. Ф. _f1849- _gНиколай Федорович |
|
| 702 | 1 |
_aБем _bЕ. М. _f1843-1914 _gЕлизавета Меркурьевна _3RU\NLR\AUTH\7781880 _4440 |
|
| 801 | 0 |
_aRU _bNLR _gpsbo |
|
| 801 | 0 |
_aRU _bRuMoRGB _2psbo |
|
| 801 | 1 |
_aRU _bProSoft-M _2rusmarc |
|
| 852 |
_aNLR _j65-1/1163 |
||
| 899 |
_aRuMoRGB _jU 252/109 |
||
| 899 |
_aRuMoRGB _jРб 10/4692 |
||
| 942 | _cBOOK | ||
| 980 | _aNB | ||